| 000 | 00559nam a22001937a 4500 | ||
|---|---|---|---|
| 005 | 20200511111532.0 | ||
| 008 | 200511b xxu||||| |||| 00| 0 eng d | ||
| 020 | _a9789383794047 | ||
| 041 | _aeng | ||
| 082 |
_a610 _bJUV |
||
| 100 |
_aJUVEKAR, ARCHANA R _95342 |
||
| 245 |
_aAdvances in Biomedical experimental; techniques in pharmacological assays _cArchana,R , Juvekar |
||
| 250 | _a1'st | ||
| 260 |
_aNew Delhi _bCBS Publisher and distributors _c2018 |
||
| 300 | _a245 | ||
| 650 |
_aPharmacy _95343 |
||
| 700 |
_aJuvekar, Archana,R _95344 |
||
| 942 | _cBK | ||
| 999 |
_c6184 _d6182 |
||